Loading...
| Literature - American | 0 | 6 | 0 | 1 | 60 | 57 | 108.67 | 1 | 6 | 11.68 | 32.08 |
| Literature - British | 0 | 6 | 0 | 1 | 60 | 67 | 115.50 | 0 | 6 | 10.17 | 34.58 |
| Literature - European | 0 | 5 | 0 | 2 | 50 | 80 | 107.40 | 0 | 4 | 8.98 | 24.58 |
| Science - Biology | 0 | 6 | 3 | 0 | 45 | 24 | 60.83 | 5 | 6 | 24.90 | 42.92 |
| Fine Arts - Painting and Sculpture | 0 | 4 | 0 | 1 | 40 | 65 | 106.50 | 2 | 3 | 7.12 | 23.33 |
| Social Science | 0 | 3 | 0 | 1 | 30 | 61 | 89.00 | 1 | 3 | 7.41 | 16.67 |
| Philosophy | 0 | 3 | 0 | 0 | 30 | 64 | 90.67 | 3 | 3 | 8.18 | 25.00 |
| Science - Other | 0 | 3 | 0 | 0 | 30 | 82 | 102.33 | 1 | 3 | 5.10 | 19.58 |
| Science - Physics | 0 | 3 | 0 | 0 | 30 | 85 | 97.00 | 1 | 3 | 6.56 | 18.33 |
| Literature - World | 0 | 3 | 1 | 0 | 25 | 103 | 112.67 | 2 | 3 | 4.17 | 19.17 |
| Science - Chemistry | 0 | 2 | 0 | 0 | 20 | 76 | 98.50 | 0 | 2 | 2.97 | 8.33 |
| Current Events | 0 | 2 | 0 | 0 | 20 | 65 | 90.00 | 0 | 1 | 16.35 | 21.25 |
| History - American | 0 | 2 | 1 | 0 | 15 | 87 | 97.00 | 0 | 1 | 3.49 | 6.25 |
| Fine Arts - Classical Music | 0 | 1 | 0 | 0 | 10 | 109 | 109.00 | 0 | 1 | 1.65 | 6.67 |
| History - Other | 0 | 1 | 0 | 0 | 10 | 97 | 97.00 | 0 | 1 | 1.12 | 2.08 |
| History - World | 0 | 1 | 0 | 0 | 10 | 82 | 82.00 | 0 | 1 | 2.95 | 5.00 |
| Religion | 0 | 2 | 2 | 0 | 10 | 76 | 101.50 | 0 | 2 | 4.96 | 11.67 |
| Fine Arts - Other | 0 | 1 | 0 | 0 | 10 | 83 | 83.00 | 0 | 1 | 2.93 | 6.67 |
| Mythology | 0 | 1 | 0 | 0 | 10 | 111 | 111.00 | 0 | 0 | 0.81 | 3.33 |
| Geography | 0 | 1 | 0 | 0 | 10 | 85 | 85.00 | 0 | 0 | 13.24 | 8.33 |